000 00534nam a2200181Ia 4500
003 GCL
008 140319s9999 xx 000 0 ara d
040 _aGCL /
_cGCL
082 0 4 _a813.03
_bط ا
100 1 _aشكرى محمد عياد
245 1 0 _aالافق الشاحب /
_cشكرى محمد عياد
700 1 _aطلعت الشمبكى
300 _a277 ص
490 _aالكتاب الاول
_v0
650 0 4 _aالقصص العربية
650 0 4 _aالادب العربى - العصر الحديث
942 _2ddc
_cBK
999 _c39854
_d39854